Statistics for First Names of the Roman Republic

Click here to take the quiz!

General Stats

  • This quiz has been taken 190 times
  • The average score is 4 of 17

Answer Stats

Praenomen% Correct
Marcus / Marca
81%
Gaius / Gaia
79%
Lucius / Lucia
46%
Gnaeus / Gnaea
35%
Quintus / Quinta
32%
Tiberius / Tiberia
31%
Publius / Publia
29%
Titus / Tita
27%
Sextus / Sexta
23%
Decimus / Decima
12%
Appius / Appia
7%
Numerius / Numeria
7%
Servius / Servia
7%
Aulus / Aula
5%
Manius / Mania
4%
Spurius / Spuria
2%
Vibius / Vibia
1%

Score Distribution

Percentile by Number Answered

Percent of People with Each Score

Your Score History

You have not taken this quiz